Uglies / directed by McG ; produced by John Davis, Jordan Davis, Robyn Meisinger, Dan Spilo, McG, Mary Viola ; written by Jacob Forman, Vanessa Taylor, Whit Anderson. (Record no. 20986)

000 -LEADER
fixed length control field 01543nam a22003377a 4500
008 - FIXED-LENGTH DATA ELEMENTS--GENERAL INFORMATION
fixed length control field 250529b xxu||||| |||| 00| 0 eng d
040 ## - CATALOGING SOURCE
Original cataloging agency Cagayan State University
Description conventions RDA
082 ## - DEWEY DECIMAL CLASSIFICATION NUMBER
Classification number 791.4372
Item number U26 2024
245 ## - TITLE STATEMENT
Title Uglies / directed by McG ; produced by John Davis, Jordan Davis, Robyn Meisinger, Dan Spilo, McG, Mary Viola ; written by Jacob Forman, Vanessa Taylor, Whit Anderson.
260 ## - PUBLICATION, DISTRIBUTION, ETC. (IMPRINT)
Place of publication, distribution, etc United States :
Name of publisher, distributor, etc Anonymous Content ;
-- Davis Entertainment ;
-- Industry Entertainment ;
-- Wonderland Pictures ;
-- Wonderland Sound and Vision ;
-- Netflix,
Date of publication, distribution, etc 2024.
300 ## - PHYSICAL DESCRIPTION
Extent 1 videofile, (ca. 102 mins.) :
Other physical details sound, color.
520 ## - SUMMARY, ETC.
Summary, etc In a future post scarcity dystopian world in which everyone is considered an "ugly," but then turned "Pretty" by extreme cosmetic surgery when they reach the age of 16. It tells the story of teenager Tally Youngblood who rebels against society's enforced conformity.
521 ## - TARGET AUDIENCE NOTE
Target audience note Rated PG-13 for some violence and action, and brief strong language.
546 ## - LANGUAGE NOTE
Language note English.
650 ## - SUBJECT ADDED ENTRY--TOPICAL TERM
Topical term or geographic name as entry element Action.
650 ## - SUBJECT ADDED ENTRY--TOPICAL TERM
Topical term or geographic name as entry element Adventure.
650 ## - SUBJECT ADDED ENTRY--TOPICAL TERM
Topical term or geographic name as entry element Drama.
650 ## - SUBJECT ADDED ENTRY--TOPICAL TERM
Topical term or geographic name as entry element Fantasy.
650 ## - SUBJECT ADDED ENTRY--TOPICAL TERM
Topical term or geographic name as entry element Sci-Fi.
700 ## - ADDED ENTRY--PERSONAL NAME
Personal name King, Joey, star.
700 ## - ADDED ENTRY--PERSONAL NAME
Personal name Powers, Keith, star.
700 ## - ADDED ENTRY--PERSONAL NAME
Personal name Stokes, Chase, star.
700 ## - ADDED ENTRY--PERSONAL NAME
Personal name Tju, Brianne, star.
700 ## - ADDED ENTRY--PERSONAL NAME
Personal name Castellanos, Jan Luis, star.
700 ## - ADDED ENTRY--PERSONAL NAME
Personal name Lee, Charmin, star.
700 ## - ADDED ENTRY--PERSONAL NAME
Personal name Cox, Lavern, star.
700 ## - ADDED ENTRY--PERSONAL NAME
Personal name Liu, Xiaolong, cinematographer.
700 ## - ADDED ENTRY--PERSONAL NAME
Personal name Bernfeld, Martin, editor.
700 ## - ADDED ENTRY--PERSONAL NAME
Personal name Besser, Brad, editor.
942 ## - ADDED ENTRY ELEMENTS (KOHA)
Source of classification or shelving scheme
Item type Audio-Visual Materials
Holdings
Source of acquisition Price effective from Permanent location Date last seen Not for loan Date acquired Source of classification or shelving scheme Koha item type Collection code Shelving location Damaged status Lost status Withdrawn status Current location Full call number
Donation2025-05-29Cagayan State University - Carig Library2025-05-29 2025-05-29 Audio-Visual MaterialsElectronic Media CenterElectronic Media Center   Cagayan State University - Carig Library791.4372 U26 2024

Cagayan State University University Library, Carig Campus
Tuguegarao City, Cagayan 3500 | www.csucarig.edu.ph

Powered by Koha